|
|
|
|
| LEADER |
00000naa2a2200000 4500 |
| 001 |
191162 |
| 005 |
20231031180555.0 |
| 035 |
|
|
|a (RuTPU)RU\TPU\book\208425
|
| 090 |
|
|
|a 191162
|
| 100 |
|
|
|a 20110202d2010 k y0rusy50 ca
|
| 101 |
0 |
|
|a rus
|
| 102 |
|
|
|a RU
|
| 200 |
1 |
|
|a Опыт разработки распределённого аппаратно-программного комплекса цифровой и аналоговой радиосвязи для систем диспетчерского управления транспортом
|f В. В. Белов
|
| 320 |
|
|
|a Библиогр.: 2 назв.
|
| 463 |
|
0 |
|0 (RuTPU)RU\TPU\book\199160
|y 978-5-98298-640-5
|t Технологии Microsoft в теории и практике программирования
|o сборник трудов VII Всероссийской научно-практической конференции студентов, аспирантов и молодых ученых, 23-24 марта 2010 г. г. Томск
|f Национальный исследовательский Томский политехнический университет (ТПУ); под ред. О. М. Гергета
|v С. 138-139
|d 2010
|p 240 с.
|
| 610 |
1 |
|
|a аппаратно-программные комплексы
|
| 610 |
1 |
|
|a радиосвязь
|
| 610 |
1 |
|
|a системы дистанционного управления
|
| 610 |
1 |
|
|a транспорт
|
| 610 |
1 |
|
|a труды учёных ТПУ
|
| 700 |
|
1 |
|a Белов
|b В. В.
|
| 801 |
|
1 |
|a RU
|b 63413507
|c 20110202
|
| 942 |
|
|
|c BK
|